000 00469nam a22001817a 4500
003 LK-CoDNM
005 20250123124134.0
008 250123b |||||||| |||| 00| 0 eng d
040 _aLK-CoDNM
_dLK-CoDNM
_eLK-CoDNM
041 _aeng
080 _a13
_bE8
100 _aClark, Austin H.
245 _aThe new Evolution Zoogenesis
260 _aLondon
_bBailliere , Tindall and Cox
_c1930
300 _axiv, 297p. : ill ; 23 cm
650 _aScience
942 _cBK
999 _c237310
_d237310